Algae: Biology, Biochemistry and Biotechnology (Record no. 757189)

MARC details
000 -LEADER
fixed length control field 00276 a2200109 4500
005 - DATE AND TIME OF LATEST TRANSACTION
control field 20260228171145.0
020 ## - INTERNATIONAL STANDARD BOOK NUMBER
International Standard Book Number 9798893640236
100 ## - MAIN ENTRY--PERSONAL NAME
Personal name Steven Weible
9 (RLIN) 11156
245 ## - TITLE STATEMENT
Title Algae: Biology, Biochemistry and Biotechnology
260 ## - PUBLICATION, DISTRIBUTION, ETC.
Name of publisher, distributor, etc. Callisto Reference
Date of publication, distribution, etc. 2025
942 ## - ADDED ENTRY ELEMENTS (KOHA)
Koha item type Book
Holdings
Withdrawn status Lost status Damaged status Not for loan Home library Current library Date acquired Source of acquisition Cost, normal purchase price Total Checkouts Barcode Date last seen Cost, replacement price Price effective from Koha item type
      Ordered Kerala University Library Kerala University Library 04/03/2026 9 11559.45   326617 04/03/2026 14449.32 04/03/2026 Book